000 00292nam a22001097a 4500
005 20230728123011.0
008 230728b ||||| |||| 00| 0 eng d
040 _cAL
245 _aStudy on psychosocial problems faced by the families of cancer patients
260 _c2003
942 _2ddc
_cBK
999 _c228187
_d228187